Bilingualer Unterricht : Grundlagen, Methoden, Praxis, Perspektiven

Αποθηκεύτηκε σε:
Λεπτομέρειες βιβλιογραφικής εγγραφής
Άλλοι συγγραφείς: Bach, Gerhard (Επιμελητής έκδοσης), Niemeier, Susanne 1960- (Επιμελητής έκδοσης)
Μορφή: Βιβλίο
Γλώσσα:German
Δημοσίευση: Wissenschaften : Peter Lang, [2005]
Έκδοση:3., uberarbeitete und erw. Aufl.
Σειρά:KFU ; ; 5
Θέματα:
Ετικέτες: Προσθήκη ετικέτας
Δεν υπάρχουν, Καταχωρήστε ετικέτα πρώτοι!

MARC

LEADER 00000nam a2200000 i 4500
001 1/80594
008 080407s2005 ger d
020 |a 3-631-54234-8 
035 |l 10096252 
040 |a GR-MY-UA  |b gre  |e aacr 
041 0 |a ger 
082 0 |a 404.2  |2 (22) 
245 1 0 |a Bilingualer Unterricht :  |b Grundlagen, Methoden, Praxis, Perspektiven /  |c Gerhard Bach / Susanne Niemeier (Hrsg.) 
250 |a 3., uberarbeitete und erw. Aufl. 
260 |a Wissenschaften :   |b Peter Lang,   |c [2005] 
300 |a 277 σ.;  |c 21 εκ. 
490 1 |a KFU  |v ; 5 
504 |a Βιβλιογραφία: σ. 174-277 
650 0 0 |a Bilingualism. 
650 0 0 |a Language and languages  |x Study and teaching  |x Bilingual method. 
700 1 |a Bach, Gerhard.  |4 edt 
700 1 |a Niemeier, Susanne  |d 1960-  |4 edt 
830 0 |a KFU ;  |v ; 5 
852 |a INST  |b RHODES  |e 20080407  |h 404.2 BIL  |p 005400029413  |q 005400029413  |t BK  |y 0 
901 |a BIBL4-2008-1 
909 |a Ρ  |b 151394 
922 |a 4ΕΛΗ  |b 200803  |c ΕΠΕΑΕΚ2/ΠΤΔΕ  |d ΠΑΠΑΣΩΤΗΡΙΟΥ 
970 |a ΧΑΡΙΟΠΟΛΙΤΟΥ  |b ΚΩΝΣΤΑΝΤΙΝΑ  |z 2008/04/07